Alas de mosca para Ángel / (Registro nro. 3378)
[ vista simple ]
| 000 -LEADER | |
|---|---|
| fixed length control field | 00946nam a2200241Ia 4500 |
| 003 - CONTROL NUMBER IDENTIFIER | |
| control field | OSt |
| 005 - DATE AND TIME OF LATEST TRANSACTION | |
| control field | 20250711145105.0 |
| 008 - FIXED-LENGTH DATA ELEMENTS--GENERAL INFORMATION | |
| fixed length control field | 191128t1998 sp a dr 000 f spa d |
| 020 ## - INTERNATIONAL STANDARD BOOK NUMBER | |
| International Standard Book Number | 9788420789873 |
| 040 ## - CATALOGING SOURCE | |
| Original cataloging agency | CO-JMCR |
| Transcribing agency | CO-JMCR |
| 041 ## - LANGUAGE CODE | |
| Language code of text/sound track or separate title | spa |
| 082 04 - DEWEY DECIMAL CLASSIFICATION NUMBER | |
| Classification number | N |
| Item number | CASa |
| 100 1# - MAIN ENTRY--PERSONAL NAME | |
| Personal name | Casalderrey, Fina , |
| Dates associated with a name | 1951 |
| Relator term | autora |
| 9 (RLIN) | 6549 |
| 245 10 - TITLE STATEMENT | |
| Title | Alas de mosca para Ángel / |
| Statement of responsibility, etc. | Fina Casalderrey |
| 250 ## - EDITION STATEMENT | |
| Edition statement | Primera edición |
| 260 ## - PUBLICATION, DISTRIBUTION, ETC. | |
| Place of publication, distribution, etc. | Madrid : |
| Name of publisher, distributor, etc. | Anaya, |
| Date of publication, distribution, etc. | ©1998 |
| 300 ## - PHYSICAL DESCRIPTION | |
| Extent | 144 páginas : |
| Other physical details | ilustraciones blanco y negro ; |
| Dimensions | 20 cm. |
| 490 0# - SERIES STATEMENT | |
| Series statement | Sopa de libros |
| 500 ## - GENERAL NOTE | |
| General note | Incluye biográfia del autor en página 141. |
| 520 ## - SUMMARY, ETC. | |
| Summary, etc. | Estrella, una nueva alumna de sexto de primaria, produce ciertas incomodidades debido al cuidado especial que requiere. Pero su reacción ante la noticia de un secuestro conmoverá a sus compañeros de clase, a su familia y a la opinión pública demostrando |
| 650 14 - SUBJECT ADDED ENTRY--TOPICAL TERM | |
| Topical term or geographic name entry element | Novela |
| 9 (RLIN) | 6550 |
| 942 ## - ADDED ENTRY ELEMENTS (KOHA) | |
| Source of classification or shelving scheme | Dewey Decimal Classification |
| Koha item type | Books |
| Withdrawn status | Lost status | Source of classification or shelving scheme | Damaged status | Not for loan | Collection code | Home library | Current library | Date acquired | Source of acquisition | Cost, normal purchase price | Total Checkouts | Full call number | Barcode | Date last seen | Date last checked out | Copy number | Koha item type |
|---|---|---|---|---|---|---|---|---|---|---|---|---|---|---|---|---|---|
| Dewey Decimal Classification | Fiction | Biblioteca Pública José María del Castillo y Rada | Biblioteca Pública José María del Castillo y Rada | 11/28/2019 | Donación | 0.00 | 3 | N CASa | 201807081 | 03/31/2026 | 03/31/2026 | Ej.1 | Books |